[Event "Olimpiade 2016 - Donne"]
[Site "Baku"]
[Date "12.09.2016"]
[Round "10.56"]
[Board "1"]
[White "Msukwa, Tupokiwe"]
[Black "Figueroa, Julissa"]
[Result "0-1"]
[BlackTitle "WCM"]
[WhiteElo "1232"]
[BlackElo "1787"]
[WhiteTeam "Malawi"]
[BlackTeam "Guatemala"]
[WhiteFideId "20500459"]
[BlackFideId "7300450"]
[EventDate "2016.09.02"]

1. d4 d5 2. c4 e6 3. a3 b6 4. b4 dxc4 5. e3 Bb7 6. Nf3 b5 7. Bd2 Nf6 8. Nc3 a6
9. Na2 Nbd7 10. Be2 Be7 11. O-O O-O 12. Rb1 Ne4 13. Be1 Bd6 14. h3 Qf6 15. Nc3
Rfd8 16. Nxe4 Bxe4 17. Ra1 Nb6 18. Qc1 e5 19. Bc3 exd4 20. Bxd4 Qg6 21. Bxb6
cxb6 22. g3 Qh5 23. Kg2 Be5 24. Ra2 c3 25. g4 Qg6 26. Kg1 Bf6 27. Nd4 Qh6 28.
Kh2 Bxd4 29. exd4 Qd6+ 30. f4 Qxd4 31. Bf3 Bxf3 32. Rxf3 Qd5 33. Raf2 Rac8 34.
Rxc3 Rxc3 35. Qxc3 h6 36. Qc7 Qd4 37. Rf3 Qd2+ 38. Kg3 Qe1+ 39. Kh2 Rd2+ 0-1

[Event "Olimpiade 2016 - Donne"]
[Site "Baku"]
[Date "12.09.2016"]
[Round "10.56"]
[Board "2"]
[White "Sotomayor Villatoro, Silvi"]
[Black "Nkhoma, Desiderata"]
[Result "1-0"]
[WhiteTitle "WIM"]
[WhiteElo "1876"]
[BlackElo "1375"]
[WhiteTeam "Guatemala"]
[BlackTeam "Malawi"]
[WhiteFideId "7301057"]
[BlackFideId "20500327"]
[EventDate "2016.09.02"]

1. d4 Nf6 2. e3 e6 3. Bd3 d5 4. f4 Bd6 5. c3 h6 6. Nd2 Nc6 7. Ngf3 Bd7 8. O-O
O-O 9. Ne5 Ne7 10. Qf3 c5 11. g4 Nh7 12. Qh3 Bxe5 13. fxe5 Ng6 14. Nf3 Ng5 15.
Qg3 Ne4 16. Qe1 Ng5 17. Bd2 Nxf3+ 18. Rxf3 Qh4 19. Rg3 Qe7 20. e4 cxd4 21. cxd4
dxe4 22. Bxe4 Bc6 23. Bb4 Qd7 24. Bd6 Rfe8 25. Rc1 Bxe4 26. Qxe4 Rac8 27. Rf1
Qc6 28. Qe3 Qb6 29. Qf2 Kh7 30. g5 Rc4 31. Bc5 Qc7 32. gxh6 gxh6 33. Qxf7+ Qxf7
34. Rxf7+ Kh8 35. Rxg6 Rc1+ 36. Kf2 Rc2+ 37. Ke3 Rxh2 38. Rgg7 b6 39. Rh7+ 1-0

[Event "Olimpiade 2016 - Donne"]
[Site "Baku"]
[Date "12.09.2016"]
[Round "10.56"]
[Board "3"]
[White "Gondwe, Vitumbiko"]
[Black "Mazariegos, Silvia Carolina"]
[Result "0-1"]
[BlackTitle "WIM"]
[WhiteElo "1407"]
[BlackElo "1942"]
[WhiteTeam "Malawi"]
[BlackTeam "Guatemala"]
[WhiteFideId "16400186"]
[BlackFideId "7300115"]
[EventDate "2016.09.02"]

1. d4 f5 2. e3 Nf6 3. Nf3 e6 4. Nc3 d5 5. Be2 c6 6. O-O Bd6 7. Ne5 Nbd7 8. f4
O-O 9. Bd2 Ne4 10. Rf3 Ndf6 11. Rh3 Bd7 12. Be1 Be8 13. Bh4 Qc7 14. Bxf6 Nxf6
15. Bf3 c5 16. Ne2 Rc8 17. c3 b5 18. a3 c4 19. Ng3 Qe7 20. Qe2 a5 21. Rf1 b4 22.
axb4 axb4 23. Nh5 bxc3 24. Nxf6+ gxf6 25. Nxc4 Rxc4 26. bxc3 Rxc3 27. Bh5 Kh8
28. Rff3 Rc1+ 29. Rf1 Rc7 30. Rff3 Rg8 31. Rh4 Ba4 32. Qa2 Qd7 33. Rf1 Rc2 34.
Qb1 Rcxg2+ 35. Kh1 Bc2 36. Qa1 Be4 37. Bf3 Rg1+ 38. Rxg1 Bxf3+ 0-1

[Event "Olimpiade 2016 - Donne"]
[Site "Baku"]
[Date "12.09.2016"]
[Round "10.56"]
[Board "4"]
[White "Diaz, Luisa"]
[Black "Jambo, Linda"]
[Result "1-0"]
[BlackTitle "WFM"]
[WhiteElo "1825"]
[BlackElo "1561"]
[WhiteTeam "Guatemala"]
[BlackTeam "Malawi"]
[WhiteFideId "7300948"]
[BlackFideId "16400054"]
[EventDate "2016.09.02"]

1. e4 e5 2. Nf3 Nc6 3. d4 exd4 4. Nxd4 Nxd4 5. Qxd4 d6 6. Bc4 Qf6 7. Qd3 Be6 8.
Nc3 c6 9. a4 Bxc4 10. Qxc4 Be7 11. O-O Nh6 12. h3 O-O 13. Re1 Qh4 14. Qb3 Rab8
15. a5 Kh8 16. Be3 c5 17. Nd5 Ng8 18. Ra4 Qh5 19. Bf4 Rfe8 20. Nxe7 b5 21. axb6
Rxb6 22. Qd5 Qxd5 23. Nxd5 Rxb2 24. c3 f5 25. Bxd6 fxe4 26. Rxa7 c4 27. Bc5 Nh6
28. Ne3 Ng8 29. Bd4 Nf6 30. Nxc4 Rbb8 31. Nd6 Re6 32. Nf5 Rg8 33. f3 e3 34. Rxe3
Rxe3 35. Nxe3 h6 36. Nf5 h5 37. c4 1-0

[Event "Olimpiade 2016 - Donne"]
[Site "Baku"]
[Date "12.09.2016"]
[Round "10.57"]
[Board "1"]
[White "Munoz, Alba"]
[Black "Jumba, Gloria"]
[Result "1/2-1/2"]
[WhiteTitle "WCM"]
[WhiteElo "1704"]
[BlackElo "1591"]
[WhiteTeam "Panama"]
[BlackTeam "Kenya"]
[WhiteFideId "6600514"]
[BlackFideId "10800794"]
[EventDate "2016.09.02"]

1. e4 e5 2. Nf3 Nf6 3. Nc3 Nc6 4. Bb5 d6 5. d4 exd4 6. Nxd4 Bd7 7. Bxc6 Bxc6 8.
Nxc6 bxc6 9. O-O Be7 10. Re1 Nd7 11. Bf4 O-O 12. Ne2 Bf6 13. Rb1 Ne5 14. Bg3 Re8
15. Nd4 Qd7 16. Nf5 Rad8 17. Bh4 Bxh4 18. Nxh4 Qg4 19. Qxg4 Nxg4 20. f3 Ne5 21.
Nf5 Rb8 22. b3 Kf8 23. Rbd1 f6 24. Rd2 Ng6 25. Red1 Nf4 26. c4 Ne6 27. Ng3 Kf7
28. Ne2 Re7 29. Nc3 Nc5 30. Ne2 Ne6 31. Kf2 Rb6 32. Nc3 Nc5 33. Rb1 a5 34. Kf1
Re8 35. Rdb2 Reb8 36. Ke2 Ke6 37. Kd2 g6 38. Kc2 Ke5 39. a3 Ne6 40. Na4 R6b7 41.
Kc3 c5 42. Kd3 f5 43. exf5 Kxf5 44. g3 Nd4 45. b4 axb4 46. axb4 Nxf3 47. bxc5
Rxb2 48. Rxb2 Rxb2 49. Nxb2 dxc5 50. h3 Ng1 51. Na4 Nxh3 52. Nxc5 Ng5 53. Ke3 h5
54. Na6 Ne6 55. Nb4 Kg4 56. Kf2 g5 57. Nd3 c5 58. Kg2 Kf5 59. Kf3 Nd4+ 60. Kf2
Nb3 61. Ke3 Kg4 62. Kf2 h4 63. gxh4 gxh4 64. Kg2 1/2-1/2

[Event "Olimpiade 2016 - Donne"]
[Site "Baku"]
[Date "12.09.2016"]
[Round "10.57"]
[Board "2"]
[White "Wambugu, Jane Wanjiru"]
[Black "Barria Baker, Raisa Melissa"]
[Result "0-1"]
[WhiteTitle "WCM"]
[BlackTitle "WCM"]
[WhiteElo "1542"]
[BlackElo "1961"]
[WhiteTeam "Kenya"]
[BlackTeam "Panama"]
[WhiteFideId "10800310"]
[BlackFideId "6600336"]
[EventDate "2016.09.02"]

1. d4 d5 2. Bf4 Nf6 3. e3 Bf5 4. c3 e6 5. Nf3 Bd6 6. Bxd6 cxd6 7. Bd3 Be4 8. O-O
Nc6 9. a3 O-O 10. Bc2 Qb6 11. b3 Rac8 12. Nbd2 Na5 13. b4 Nc4 14. Ng5 Bxc2 15.
Qxc2 Nxd2 16. Qxd2 h6 17. Nf3 Ne4 18. Qb2 Rxc3 19. Rfc1 Rfc8 20. Rxc3 Nxc3 21.
g3 Qb5 22. Kg2 Na4 23. Qb3 Rc3 24. Qd1 Qc6 25. Ra2 b5 26. Nd2 Rc1 27. Qb3 e5 28.
dxe5 dxe5 29. Qd3 Nb6 30. Nb1 d4+ 31. e4 Qc4 32. Qxc4 bxc4 33. Nd2 d3 34. Nf3 c3
35. a4 Nc4 0-1

[Event "Olimpiade 2016 - Donne"]
[Site "Baku"]
[Date "12.09.2016"]
[Round "10.57"]
[Board "3"]
[White "Gonzalez, Yaribeth"]
[Black "Maina, Purity"]
[Result "1-0"]
[WhiteTitle "WCM"]
[BlackTitle "WCM"]
[WhiteElo "1826"]
[BlackElo "1528"]
[WhiteTeam "Panama"]
[BlackTeam "Kenya"]
[WhiteFideId "6600344"]
[BlackFideId "10800514"]
[EventDate "2016.09.02"]

1. e4 e5 2. Bc4 Nf6 3. d3 Nc6 4. Nf3 h6 5. a3 Bc5 6. O-O d6 7. c3 Bg4 8. b4 Bb6
9. Qb3 O-O 10. Nbd2 a6 11. Bb2 Ba7 12. a4 Ne7 13. Qc2 Be6 14. d4 Bxc4 15. Nxc4
exd4 16. cxd4 Nxe4 17. Qxe4 d5 18. Qe2 dxc4 19. Qxc4 Qd6 20. b5 axb5 21. Qxb5 b6
22. Ba3 Qf6 23. Qd7 c5 24. dxc5 bxc5 25. Qb5 Rfc8 26. Rfe1 Ng6 27. Qc4 Bb6 28.
Rab1 Qc6 29. Re4 Re8 30. Rxe8+ Rxe8 31. Qb5 Re6 32. Qxc6 Rxc6 33. Rc1 c4 34. Kf1
Nf4 35. Ne5 Rc8 36. Rxc4 Rxc4 37. Nxc4 Bd4 38. a5 Nd5 39. Nd6 f6 40. Nb5 Be5 41.
Bc5 Bc7 42. a6 Bb6 43. Bxb6 Nxb6 44. Nc7 Nc8 45. Ke2 Kf7 46. Ke3 Ke7 47. Ke4 Kd7
48. Nb5 Ke6 49. a7 Nb6 50. Nc7+ Kd7 51. a8=Q Nxa8 52. Nxa8 1-0

[Event "Olimpiade 2016 - Donne"]
[Site "Baku"]
[Date "12.09.2016"]
[Round "10.57"]
[Board "4"]
[White "Nyaruai, Joyce"]
[Black "Chung, Yaleika"]
[Result "1-0"]
[WhiteTitle "WCM"]
[BlackTitle "WCM"]
[WhiteElo "1482"]
[BlackElo "1797"]
[WhiteTeam "Kenya"]
[BlackTeam "Panama"]
[WhiteFideId "10802886"]
[BlackFideId "6600603"]
[EventDate "2016.09.02"]

1. d4 d5 2. Bf4 Nf6 3. Nf3 c5 4. e3 Qb6 5. Qc1 Nc6 6. c3 c4 7. h3 h6 8. Be2 Bf5
9. O-O e6 10. Nbd2 Qa5 11. Re1 b5 12. a3 Qb6 13. Bd1 Na5 14. Bh2 Bd6 15. Ne5 Qc7
16. Kh1 Nc6 17. Ndf3 Ne4 18. Kg1 Ne7 19. Nd2 f6 20. Nef3 Bxh2+ 21. Nxh2 Nxf2 22.
Kxf2 Qxh2 23. Nf3 Qd6 24. Bc2 Be4 25. Rf1 Nc6 26. Bxe4 dxe4 27. Nd2 f5 28. Kg1
Ne7 29. a4 Qb6 30. Rf2 O-O 31. Qf1 a6 32. Qe2 Nd5 33. a5 Qd6 34. Nf1 Qe7 35. g3
Qc7 36. Qh5 Kh7 37. g4 g6 38. Qh4 g5 39. Qg3 Qxg3+ 40. Nxg3 Nxe3 41. gxf5 exf5
42. Re1 f4 43. Nxe4 Kg6 44. Rfe2 Rfd8 45. Kf2 Kf5 46. Ng3+ Kg6 47. Kf3 Rd5 48.
Ne4 b4 49. Nc5 Kf5 50. Kf2 h5 51. Rh1 b3 52. Rhe1 Rd6 53. Rg1 Rb8 54. Rxg5+ Kxg5
55. Ne4+ Kh4 56. Nxd6 Kxh3 57. Kf3 Rf8 58. Re1 Kh4 59. Ne4 1-0

[Event "Olimpiade 2016 - Donne"]
[Site "Baku"]
[Date "12.09.2016"]
[Round "10.58"]
[Board "1"]
[White "Faqeeh, Rahaf"]
[Black "Al-khelaifi, Aisha"]
[Result "1/2-1/2"]
[WhiteTitle "WCM"]
[BlackTitle "WCM"]
[WhiteElo "1450"]
[BlackElo "1685"]
[WhiteTeam "Palestine"]
[BlackTeam "Qatar"]
[WhiteFideId "11501723"]
[BlackFideId "12100625"]
[EventDate "2016.09.02"]

1. c4 c6 2. g3 Nf6 3. Bg2 d5 4. Nf3 dxc4 5. Qc2 Nbd7 6. Qxc4 Nb6 7. Qc2 e6 8.
Nc3 Bd6 9. O-O O-O 10. Ng5 h6 11. Nge4 Nxe4 12. Nxe4 Bc7 13. d3 e5 14. Bd2 Kh8
15. Rab1 Nd5 16. b4 a6 17. a4 f5 18. Nc3 Be6 19. Rfc1 Rc8 20. b5 cxb5 21. axb5
Ba5 22. Qb2 axb5 23. Nxb5 Rxc1+ 24. Bxc1 Qb8 25. Bd2 Bb6 26. Nc3 Bd4 27. e3 Bxc3
28. Bxc3 Nxc3 29. Qxc3 Bc8 30. Qc6 Rg8 31. Qg6 Qc7 32. Qb6 Qxb6 33. Rxb6 Rd8 34.
Bxb7 Bxb7 35. Rxb7 Rxd3 36. Kg2 Rd5 37. h4 Kg8 38. h5 Kf8 39. Kf3 Ra5 40. g4
fxg4+ 41. Kxg4 e4 42. Kf4 Rxh5 43. Kxe4 Ra5 44. f4 g6 45. Rd7 h5 46. Kd4 g5 47.
fxg5 Rxg5 48. e4 Ra5 49. e5 h4 50. Ke4 Kg8 51. Rd3 Kg7 52. Rh3 Kf7 53. Kf5 Ra4
54. Rd3 Ke7 55. Rh3 Kf7 56. Re3 Ke7 57. Rd3 Rb4 58. Rh3 Ra4 59. Rd3 Rb4 60. Rd6
Rb3 61. Re6+ Kf7 62. Rf6+ Kg7 63. Rg6+ Kh7 64. Rg4 h3 65. Kf6 Rf3+ 66. Ke7 Re3
67. e6 Kh6 68. Kf7 Rf3+ 1/2-1/2

[Event "Olimpiade 2016 - Donne"]
[Site "Baku"]
[Date "12.09.2016"]
[Round "10.58"]
[Board "2"]
[White "Al-khulaifi, Fatima A."]
[Black "Albzoor, Anwar"]
[Result "1-0"]
[WhiteTitle "WFM"]
[BlackTitle "WFM"]
[WhiteElo "1584"]
[BlackElo "1570"]
[WhiteTeam "Qatar"]
[BlackTeam "Palestine"]
[WhiteFideId "12100382"]
[BlackFideId "11500522"]
[EventDate "2016.09.02"]

1. c4 c5 2. Nc3 Nc6 3. g3 g6 4. Bg2 Bg7 5. e4 Nf6 6. Nge2 d6 7. h3 Be6 8. d3 O-O
9. O-O Qc8 10. Kh2 Nh5 11. g4 Nf6 12. Nd5 Bd7 13. Bg5 Re8 14. f4 Nxd5 15. cxd5
Nd4 16. f5 Nxe2 17. Qxe2 Bb5 18. f6 exf6 19. Bxf6 Qd7 20. g5 Qc7 21. b3 b6 22.
Qb2 Bxf6 23. gxf6 Bxd3 24. Qd2 1-0

[Event "Olimpiade 2016 - Donne"]
[Site "Baku"]
[Date "12.09.2016"]
[Round "10.58"]
[Board "3"]
[White "Faqeeh, Aseel"]
[Black "Al-Khelaifi, Kholoud"]
[Result "0-1"]
[WhiteElo "1488"]
[BlackElo "1492"]
[WhiteTeam "Palestine"]
[BlackTeam "Qatar"]
[WhiteFideId "11501880"]
[BlackFideId "12100145"]
[EventDate "2016.09.02"]

1. d4 d5 2. c4 e6 3. Nc3 f5 4. e3 Nf6 5. Qc2 c6 6. Nf3 Bd6 7. cxd5 exd5 8. Bd3
Ne4 9. O-O O-O 10. Nd2 Qe8 11. Re1 Nd7 12. f3 Nxd2 13. Bxd2 Qh5 14. f4 Nf6 15.
Rf1 Ne4 16. Rf3 g5 17. Rh3 Qg6 18. fxg5 Nxg5 19. Rh4 Nf3+ 20. Kh1 Nxh4 21. Be1
Qh6 22. h3 Kh8 23. Ne2 Nf3 24. Bg3 Bxg3 25. Nxg3 Qxe3 26. Rf1 Nxd4 27. Qc3 Qxg3
28. Qxd4+ Qg7 29. Qh4 Rg8 30. Rf2 Bd7 31. g3 Qxg3 0-1

[Event "Olimpiade 2016 - Donne"]
[Site "Baku"]
[Date "12.09.2016"]
[Round "10.58"]
[Board "4"]
[White "Safar, Alshaymaa"]
[Black "Faqeeh, Yara"]
[Result "1/2-1/2"]
[WhiteTitle "WCM"]
[WhiteElo "1603"]
[BlackElo "1499"]
[WhiteTeam "Qatar"]
[BlackTeam "Palestine"]
[WhiteFideId "12100510"]
[BlackFideId "11501642"]
[EventDate "2016.09.02"]

1. d4 Nf6 2. c4 g6 3. Nc3 Bg7 4. e4 d6 5. f3 O-O 6. Bg5 Nbd7 7. Nh3 h6 8. Be3 c5
9. d5 Ne5 10. Nf2 a6 11. Qd2 Kh7 12. Be2 Rb8 13. O-O Qa5 14. a4 Qb4 15. b3 Ng8
16. Qc2 Nxf3+ 17. Bxf3 Bxc3 18. Ra2 Bg7 19. a5 Qc3 20. Qxc3 Bxc3 21. Nd3 Bg7 22.
h3 Bd7 23. g4 b5 24. axb6 Rxb6 25. Bd1 Nf6 26. Nf2 Bc8 27. Bc2 Nd7 28. Rb1 Ne5
29. Kg2 Bd7 30. Nd3 Nxd3 31. Bxd3 f5 32. gxf5 gxf5 33. Rf2 fxe4 34. Bxe4+ Kg8
35. Rxf8+ Bxf8 36. Bd2 Bg7 37. Bc2 a5 38. Re1 Rb7 39. Bxa5 Ra7 40. Bd8 Ra2 41.
Re2 Bf5 42. Bd1 Be4+ 43. Kf2 Bd4+ 44. Ke1 Bc3+ 45. Kf2 Bd4+ 46. Ke1 Bc3+ 47. Kf2
Rxe2+ 48. Bxe2 Kf8 49. Bd1 Ke8 50. Bb6 Kf7 51. Bd8 Kf6 52. h4 Bg6 53. Ke3 Bf5
54. Kf3 Bg6 55. Ke3 Bf5 56. Kf3 Bb1 57. Kf4 Bg6 58. Ke3 Bb4 59. Kf2 Bf5 60. Kf3
Be1 61. h5 Bd2 62. Ke2 Bb4 63. Kf3 Bc3 64. Kf4 Bd2+ 65. Kf3 Bd3 66. Kf2 Kf7 67.
Kf3 Ke8 68. Bb6 Kd7 69. Kf2 Bf5 70. Ke2 Bc3 71. Ke3 Ke8 72. Kf4 Bb1 73. Kf3 Kf7
74. Bd8 Kf6 75. Kf4 Bd2+ 76. Kf3 Bd3 77. Kf2 1/2-1/2

[Event "Olimpiade 2016 - Donne"]
[Site "Baku"]
[Date "12.09.2016"]
[Round "10.59"]
[Board "1"]
[White "Leboela, Maboloko"]
[Black "Joshi, Sindira"]
[Result "0-1"]
[WhiteElo "1406"]
[BlackElo "1574"]
[WhiteTeam "Lesotho"]
[BlackTeam "Nepal"]
[WhiteFideId "21300119"]
[BlackFideId "12312754"]
[EventDate "2016.09.02"]

1. e4 e5 2. Nf3 Nf6 3. Nxe5 d6 4. Nf3 Nxe4 5. Qe2 Qe7 6. d3 Nf6 7. Bg5 Qxe2+ 8.
Bxe2 Be7 9. O-O O-O 10. Re1 Re8 11. Bd1 Be6 12. Nd4 Nd5 13. Nxe6 Bxg5 14. Bf3 c6
15. c4 Nb4 16. Na3 fxe6 17. Bg4 e5 18. d4 Bf6 19. f4 e4 20. Bf3 Bxd4+ 21. Kf1
Bxb2 22. Rab1 Bxa3 23. Bxe4 g6 24. Rb3 Nd7 25. Rxa3 Nf6 26. Bb1 Rxe1+ 27. Kxe1
d5 28. Rb3 a5 29. a3 dxc4 30. Re3 Nd3+ 31. Kd2 Rd8 32. Bxd3 Rxd3+ 33. Rxd3 cxd3
34. Kxd3 Kf7 35. Kc4 b6 36. Kd4 Ke6 37. g3 Ng4 38. h3 Nf2 39. h4 h5 40. Ke3 Nd1+
41. Kd2 Nb2 42. Kc3 Na4+ 43. Kc4 Kf5 44. Kd4 Kg4 45. Ke5 Kxg3 46. Kd6 c5 47. Kc6
c4 48. Kb5 c3 49. Kxa4 c2 0-1

[Event "Olimpiade 2016 - Donne"]
[Site "Baku"]
[Date "12.09.2016"]
[Round "10.59"]
[Board "4"]
[White "Lohani, Sujana"]
[Black "Manyeli, Mahlauli"]
[Result "1-0"]
[WhiteElo "1488"]
[BlackElo "1088"]
[WhiteTeam "Nepal"]
[BlackTeam "Lesotho"]
[WhiteFideId "12311987"]
[BlackFideId "21300313"]
[EventDate "2016.09.02"]

1. d4 d5 2. Nf3 Nf6 3. c4 dxc4 4. g3 c5 5. Qa4+ Bd7 6. Qxc4 cxd4 7. Nxd4 e5 8.
Nf3 b5 9. Qb3 Bd6 10. Nc3 O-O 11. Nxb5 Be6 12. Qd1 Bb4+ 13. Bd2 Nc6 14. Nc3 e4
15. Ng5 Bf5 16. Bg2 e3 17. fxe3 Rc8 18. O-O Bg6 19. Be1 Ng4 20. Qxd8 Nxd8 21.
Nd5 Bxe1 22. Ne7+ Kh8 23. Nxc8 Nc6 24. Rfxe1 Rxc8 25. Rac1 Nge5 26. Bxc6 Nxc6
27. Red1 h6 28. Nf3 Be4 29. Ne5 Rb8 30. Nxc6 Rxb2 31. Nd4 a5 32. Kf1 a4 33. Ke1
a3 34. Rd2 h5 35. Nf3 f6 36. Rc3 Rb5 37. Rxa3 Kh7 38. Ra7 Kg6 39. Rdd7 Bxf3 40.
exf3 Rb1+ 41. Ke2 Rb6 42. Rxg7+ Kf5 43. Rgd7 Re6 44. e4+ Ke5 45. Rd5# 1-0

[Event "Olimpiade 2016 - Donne"]
[Site "Baku"]
[Date "12.09.2016"]
[Round "10.61"]
[Board "1"]
[White "Begum, Ghazala"]
[Black "Mentile, Lishen"]
[Result "0-1"]
[WhiteTitle "WCM"]
[WhiteElo "1668"]
[BlackElo "1480"]
[WhiteTeam "Pakistan"]
[BlackTeam "Namibia"]
[WhiteFideId "7800711"]
[BlackFideId "15200477"]
[EventDate "2016.09.02"]

1. c4 e5 2. Nc3 Nf6 3. g3 Bc5 4. Bg2 c6 5. e3 O-O 6. Nge2 d6 7. O-O Re8 8. Na4
Bb6 9. Nxb6 axb6 10. Nc3 Be6 11. b3 Na6 12. d4 exd4 13. Qxd4 Nb4 14. Qd2 Na6 15.
Rd1 d5 16. cxd5 Nxd5 17. Nxd5 Bxd5 18. Bxd5 Qxd5 19. Qxd5 cxd5 20. Rxd5 Red8 21.
Rxd8+ Rxd8 22. Ba3 h6 23. Kf1 Rd2 24. Be7 Rb2 25. b4 Nxb4 26. a3 Nd3 27. Kg1
Nxf2 28. Re1 Ne4 29. Rd1 Nc5 30. Rd8+ Kh7 31. Ra8 Re2 32. Bd8 Rb2 33. a4 Nd7 34.
Ra7 Nc5 35. a5 bxa5 36. Rxa5 Ne6 37. Be7 b6 38. Ra1 Ng5 39. Rf1 Kg8 40. h4 Nh3+
41. Kh1 Nf2+ 42. Kg1 Ng4 43. Rf3 Re2 44. Bd8 b5 45. Bb6 Rb2 46. Bd4 Re2 47. Kf1
Rc2 48. Ke1 Rg2 49. e4 Ra2 50. Rb3 Ra4 51. Rd3 Ne5 52. Rd1 Nf3+ 53. Ke2 Nxd4+
54. Kd3 Ne6 55. Rb1 Ra3+ 56. Ke2 Rxg3 57. Rxb5 0-1

[Event "Olimpiade 2016 - Donne"]
[Site "Baku"]
[Date "12.09.2016"]
[Round "10.61"]
[Board "2"]
[White "Shipindo, Rauha"]
[Black "Wasif, Zenobia"]
[Result "1/2-1/2"]
[WhiteElo "1621"]
[BlackElo "1566"]
[WhiteTeam "Namibia"]
[BlackTeam "Pakistan"]
[WhiteFideId "15200493"]
[BlackFideId "7800746"]
[EventDate "2016.09.02"]

1. e4 c5 2. Nc3 e5 3. Nf3 d6 4. Bc4 h6 5. h3 Nf6 6. d3 Nc6 7. O-O Be7 8. Nh2 O-O
9. f4 exf4 10. Bxf4 a6 11. Qd2 Be6 12. Bb3 Nd4 13. Ne2 Nxb3 14. axb3 Kh7 15. Ng3
Nd7 16. Nf3 g5 17. Be3 Ne5 18. Nxe5 dxe5 19. Qf2 Qd7 20. Bxc5 Bxc5 21. Qxc5 f6
22. Nf5 Rac8 23. Qf2 Bxf5 24. exf5 Rfd8 25. Rac1 Qb5 26. Qf3 Qd7 27. Kh1 b5 28.
Qh5 Rg8 29. Qf3 Rgd8 30. g4 Rc7 31. Qf2 Qd5+ 32. Kh2 Qd6 33. Kh1 Qd5+ 34. Kg1
Rdc8 35. Rfe1 Kg7 36. Re2 b4 37. Re4 a5 38. Rc4 Qd6 39. Rxc7+ Rxc7 40. Ra1 Rc5
41. Kf1 Qc6 1/2-1/2

[Event "Olimpiade 2016 - Donne"]
[Site "Baku"]
[Date "12.09.2016"]
[Round "10.62"]
[Board "1"]
[White "Blackman, Katrina"]
[Black "Varona-Thomas, Maria"]
[Result "0-1"]
[WhiteTitle "WCM"]
[BlackTitle "WCM"]
[WhiteElo "1642"]
[BlackElo "1775"]
[WhiteTeam "Barbados"]
[BlackTeam "Guyana"]
[WhiteFideId "11100540"]
[BlackFideId "19700288"]
[EventDate "2016.09.02"]

1. d4 Nf6 2. Nf3 g6 3. Bf4 Bg7 4. e3 d6 5. h3 O-O 6. c3 Nbd7 7. Bh2 b6 8. Be2
Bb7 9. O-O Ne4 10. a4 a6 11. Nbd2 Nxd2 12. Nxd2 e5 13. Bf3 Bxf3 14. Qxf3 Kh8 15.
Rfd1 Rc8 16. Qe2 a5 17. Rac1 Qe7 18. Nc4 f5 19. b4 axb4 20. cxb4 exd4 21. Qf3
dxe3 22. Nxd6 exf2+ 23. Qxf2 cxd6 24. Rxc8 Rxc8 25. Bxd6 Qe6 26. Bf4 Re8 27. Qd2
Nf6 28. Kh1 Ne4 29. Qc2 Rc8 30. Bc7 Bf6 31. Rc1 Qd7 32. a5 bxa5 33. bxa5 Ng3+
34. Kh2 Ne4 35. Kh1 Kg8 36. Qb3+ Qf7 37. Qb7 Nd6 38. Qb1 Ne8 39. Bb6 Rxc1+ 40.
Qxc1 Qe6 41. Bg1 Bd8 42. Qa1 Qa6 43. Qa2+ Kg7 44. Qb2+ Nf6 45. Bb6 Qb7 46. Qd4
Bxb6 47. axb6 Kf7 48. Qc4+ Nd5 49. g4 Ke7 50. Qc5+ Ke6 51. gxf5+ gxf5 52. Kh2
Qb8+ 53. Kg2 Nxb6 54. Qe3+ Kf6 55. Qh6+ Ke5 56. Qg7+ Ke4 57. Qxh7 Nd5 58. Qg7
Nf4+ 59. Kh1 Qb1+ 60. Kh2 Qc2+ 61. Kh1 Qd1+ 62. Kh2 Qe2+ 63. Kh1 Qf1+ 64. Kh2
Qxh3+ 65. Kg1 Qg4+ 66. Qxg4 fxg4 67. Kf2 Nh5 68. Kg2 Ke3 69. Kg1 Kf3 70. Kf1 Nf4 0-1

[Event "Olimpiade 2016 - Donne"]
[Site "Baku"]
[Date "12.09.2016"]
[Round "10.62"]
[Board "2"]
[White "Clementson, Jessica"]
[Black "Cumberbatch, Gabriela"]
[Result "0-1"]
[WhiteElo "1233"]
[BlackElo "1312"]
[WhiteTeam "Guyana"]
[BlackTeam "Barbados"]
[WhiteFideId "19700210"]
[BlackFideId "11102330"]
[EventDate "2016.09.02"]

1. e4 d5 2. exd5 Qxd5 3. Nc3 Qd6 4. Nf3 Nf6 5. d4 g6 6. h3 Bg7 7. Be3 a6 8. Qd2
b6 9. Bh6 O-O 10. Bxg7 Kxg7 11. O-O-O Bb7 12. Be2 e6 13. Rhg1 Nbd7 14. g4 b5 15.
g5 Ne4 16. Nxe4 Bxe4 17. Qe3 Bd5 18. Kb1 b4 19. Ne5 f6 20. Nxd7 Qxd7 21. gxf6+
Rxf6 22. b3 a5 23. h4 a4 24. h5 axb3 25. cxb3 Qc6 26. Rg3 Be4+ 27. Bd3 Bxd3+ 28.
Qxd3 Rxf2 29. h6+ Kf7 0-1

[Event "Olimpiade 2016 - Donne"]
[Site "Baku"]
[Date "12.09.2016"]
[Round "10.62"]
[Board "3"]
[White "Sandiford, Segan"]
[Black "Persaud, Yolander"]
[Result "1-0"]
[WhiteElo "1226"]
[BlackElo "1151"]
[WhiteTeam "Barbados"]
[BlackTeam "Guyana"]
[WhiteFideId "11103230"]
[BlackFideId "19700431"]
[EventDate "2016.09.02"]

1. c4 c6 2. g3 d5 3. b3 Bf5 4. Bg2 e6 5. Nc3 Nf6 6. Nf3 Bd6 7. O-O O-O 8. Bb2
Nbd7 9. e3 Nc5 10. Ne1 Nd3 11. Nxd3 Bxd3 12. Re1 dxc4 13. e4 Be5 14. Ba3 Re8 15.
Rc1 cxb3 16. Qxb3 Qb6 17. Qxb6 axb6 18. Re3 Red8 19. Be7 Rd7 20. Bxf6 Bxf6 21.
e5 Bg5 22. f4 Be7 23. Kh1 Bc5 24. Rxd3 Rxd3 25. Ne4 Bb4 26. Rc2 Rad8 27. Bf1
Rxd2 28. Nxd2 Bxd2 29. Rb2 b5 30. a4 c5 31. Rxb5 Rc8 32. Rxb7 c4 33. Bxc4 h6 34.
Bd3 Kf8 35. Kg2 Rd8 36. Rb3 Rd4 37. Bb5 Rb4 38. Rxb4 Bxb4 39. Kf3 f5 40. Ke3 Ke7
41. Kd4 Be1 42. Kc5 Bf2+ 43. Kc6 Bg1 44. a5 Bxh2 45. a6 Bg1 46. Kb7 g5 47. a7
Bxa7 48. Kxa7 gxf4 49. gxf4 h5 50. Kb6 h4 51. Kc5 Kf7 52. Kd6 h3 53. Bc6 h2 54.
Kd7 1-0

[Event "Olimpiade 2016 - Donne"]
[Site "Baku"]
[Date "12.09.2016"]
[Round "10.63"]
[Board "1"]
[White "Kigeni, Grace"]
[Black "Sukhu, Gloria"]
[Result "1-0"]
[WhiteTitle "WFM"]
[BlackTitle "WCM"]
[WhiteElo "1632"]
[BlackElo "1476"]
[WhiteTeam "Uganda"]
[BlackTeam "Fiji"]
[WhiteFideId "10000313"]
[BlackFideId "11400099"]
[EventDate "2016.09.02"]

1. Nf3 c5 2. g3 Nf6 3. Bg2 Nc6 4. O-O e5 5. d3 Qc7 6. Nbd2 d5 7. b3 Be7 8. Bb2
O-O 9. e3 Bg4 10. Qc1 Rac8 11. h3 Bh5 12. g4 Bg6 13. Nh4 Rfd8 14. Nxg6 hxg6 15.
Nf3 Nh7 16. Re1 f6 17. Qd1 c4 18. Qe2 b5 19. dxc4 bxc4 20. Red1 Nb4 21. bxc4
Qxc4 22. Qxc4 Rxc4 23. c3 Nc6 24. Nh4 e4 25. Nxg6 Bc5 26. Nf4 Ng5 27. Rxd5 Rxd5
28. Nxd5 Nf3+ 29. Bxf3 exf3 30. Kh2 Bd6+ 31. Kg1 Ne5 32. Rd1 Nxg4 33. hxg4 Rxg4+
34. Kf1 Bh2 35. Ke1 Rg1+ 36. Kd2 Rxd1+ 37. Kxd1 Kf7 38. c4 Ke6 39. Bd4 a5 40. e4
Be5 41. Be3 f5 42. exf5+ Kxf5 43. Kd2 g5 44. Ne7+ Kf6 45. Nc6 Bc7 46. Bd4+ Ke6
47. Bc3 a4 48. Nd4+ Kf7 49. Nxf3 Bf4+ 50. Kd3 Ke6 51. Ke4 Bc1 52. Bd2 g4 53.
Nd4+ Kd6 54. Bxc1 Kc5 55. Kd3 Kd6 56. Ba3+ 1-0